| 000 | 01703nam2a2200241 4500 | ||
|---|---|---|---|
| 001 | rc\2998775 | ||
| 005 | 20260407070742.0 | ||
| 035 | _a(NLR Aleph) 007207768 | ||
| 090 |
_a13630309 _c13630309 |
||
| 100 | _a20110919d1941 u y0rusy50 ca | ||
| 101 | 0 | _arus | |
| 102 | _aRU | ||
| 105 | _ay j ||||| | ||
| 200 | 1 |
_aПартия большевиков в период перехода на мирную работу по восстановлению народного хозяйства. (1921-1925 гг.) _eСтеногр. лекции, прочит. 4-го янв. 1941 г. _hЛекция 5 _iБорьба с трудностями восстановления народного хозяйства. Усиление активности троцкистов в связи с болезнью Ленина. Новая дискуссия в Партии. Поражение троцкистов. XIII партийная конференция. Внутренние и международные трудности в этот период _fАкад. Ем. Ярославский |
|
| 210 | _d1941 | ||
| 215 | _a20 с. | ||
| 461 | 0 |
_1001rc\2998756 _12001#$aКурс истории ВКП(б)$fВысшая парт. школа при ЦК ВКП(б)$vГл. 9 _97659309 _cМосква _d1941 _fВысшая парт. школа при ЦК ВКП(б) _nБ. и. _tКурс истории ВКП(б) _vГл. 9 |
|
| 700 | 1 |
_4080 _7ca _8rus _aЯрославский _bЕ. М. _cгос. и парт. деятель _f1878-1943 _gЕмельян Михайлович _9172674 _3RU\NLR\AUTH\770172725 |
|
| 801 | 0 |
_aRU _bNLR _gpsbo |
|
| 801 | 1 |
_aRU _bELAR _2rusmarc |
|
| 852 |
_aNLR _jИп30 В-6/3(9-5) |
||
| 942 | _cUNSPEC | ||
| 980 | _aNB | ||